| 000 | 00802nam a2200241Ia 4500 | ||
|---|---|---|---|
| 003 | OSt | ||
| 005 | 20260401132501.0 | ||
| 008 | 220923b |||||||| |||| 00| 0 eng d | ||
| 020 | _a9789351392231 | ||
| 037 | _cGeneral Book | ||
| 040 |
_aRTL _cRTL _beng |
||
| 041 |
_2eng _aeng |
||
| 084 |
_aXM5:(Z) Q0;Q5/TD _qRTL |
||
| 100 |
_aPuliani, Ravi. _9299869 |
||
| 245 | 0 |
_aBHARAT'S COMPANIES rules and forms _b Under companies act,2013 |
|
| 250 | _a18th | ||
| 260 |
_a New Delhi _bBharat Law House _c2015 |
||
| 300 |
_aR-XXX.25p. _bincludes bibliographical references an index |
||
| 650 | _aCommerce | ||
| 700 |
_a Puliani, Mahesh. _9299736 |
||
| 942 |
_hXM5:(Z) Q0;Q5/TD _cTB _2CC |
||
| 999 |
_c595293 _d595293 |
||